Gestión ambiental en el sector carbonífero (Registro nro. 16569)

Detalles MARC
000 -CABECERA
Campo de control 008680000a22002770004500
090 ## - CLASIFICACIÓN LOCAL
Colección MM
Consecutivo 00193
041 0# - IDIOMA
Código de idioma para texto/pista de sonido o título separado
044 ## - PAÍS DE PUBLICACIÓN
País de publicación
110 1# - ASIENTO PRINCIPAL--NOMBRE CORPORATIVO
Nombre corporativo o de jurisdicción como elemento de entrada Empresa Nacional Minera Ltda.
-- MINERCOL
245 10 - MENCION DE TITULO
Título Gestión ambiental en el sector carbonífero
260 ## - PUBLICACION, DISTRIBUCION, ETC. (PIE DE IMPRENTA)
Lugar de publicación, distribución, etc. Bogotá
Nombre del editor, distribuidor, etc. MINERCOL
Fecha de publicación, distribución, etc. 2002
260 ## - PUBLICACION, DISTRIBUCION, ETC. (PIE DE IMPRENTA)
Nombre del editor, distribuidor, etc. Minambiente
260 ## - PUBLICACION, DISTRIBUCION, ETC. (PIE DE IMPRENTA)
Nombre del editor, distribuidor, etc. Ministerio de Minas y Energía
300 ## - DESCRIPCION FISICA
Otros detalles físicos CD-ROM
650 14 - ASIENTO SECUNDARIO DE MATERIA - TERMINO TEMATICO
Término temático o nombre geográfico como elemento de entrada Minería
650 14 - ASIENTO SECUNDARIO DE MATERIA - TERMINO TEMATICO
Término temático o nombre geográfico como elemento de entrada Carbón
650 14 - ASIENTO SECUNDARIO DE MATERIA - TERMINO TEMATICO
Término temático o nombre geográfico como elemento de entrada Industria del carbón
650 14 - ASIENTO SECUNDARIO DE MATERIA - TERMINO TEMATICO
Término temático o nombre geográfico como elemento de entrada Gestión ambiental
650 14 - ASIENTO SECUNDARIO DE MATERIA - TERMINO TEMATICO
Término temático o nombre geográfico como elemento de entrada Guías ambientales
650 14 - ASIENTO SECUNDARIO DE MATERIA - TERMINO TEMATICO
Término temático o nombre geográfico como elemento de entrada Normas ambientales
651 #4 - ASIENTO SECUNDARIO DE MATERIA - NOMBRE GEOGRAFICO
-- Colombia
710 1# - ASIENTO SECUNDARIO - NOMBRE CORPORATIVO
Language of a work Colombia
Nombre corporativo o de jurisdicción como elemento de entrada Ministerio del Medio Ambiente
710 1# - ASIENTO SECUNDARIO - NOMBRE CORPORATIVO
Language of a work Colombia
Nombre corporativo o de jurisdicción como elemento de entrada Ministerio de Minas y Energía
942 ## - ELEMENTOS ADICIONALES (KOHA)
Tipo de ítem CD-ROM
Existencias
Withdrawn status Lost status Sistema de Clasificación Damaged status No para préstamo Colección Ubicación Permanente Ubicación actual Fecha de adquisición Fuente de Valor Total Checkouts Número topográfico Inventario / Código de Barras Date last seen Ejemplar Price effective from Forma de adquisición Tipo de material
    Local     Audiovisual Bogotá Bogotá 16/05/2004 Minambiente   MM 00193 018417 25/03/2015 Ej. 1 25/03/2015   CD-ROM